000 00661nam a2200181Ia 4500
008 100921s9999 xx 000 0 und d
082 _b21946
_a891.463 थ 82
100 _aअभ्यंकर कुसुम.
245 _aकठपुतली.
260 _bउत्कर्ष प्रकाशन, पुणे.
_c1982
300 _a257
_bशिल्पा बुक सर्व्हिस,तळेगांव दाभाडे
365 _b35
520 _aललित-कादंबरी.
630 _aकठपुतली.
650 _aललित-कादंबरी.
730 _aकठपुतली.
942 _cBOOK
999 _c771059
_d771056